Deriváty hypotekárnych cenných papierov

Princíp sekundárneho trhu hypoték založený na tzv. sekuritizácii aktív. Pôsobenie vládnych agentúr v USA na sekundárnom trhu s hypotékami. Riziko spojené s investíciou do hypoték - riziko predplatenia. Modifikovanie tohto rizika vytvorením zaručených hypotekárnych obligácií. Štruktúra zaručených hyp...

Descripción completa

Guardado en:
Detalles Bibliográficos
Autor principal: Tomek, Radoslav
Formato: Capítulo de libro
Lenguaje:eslovaco
Materias:
Etiquetas: Agregar Etiqueta
Sin Etiquetas, Sea el primero en etiquetar este registro!

MARC

LEADER 00000naa a2200000 4500
001 r020386
005 20221205114628.4
041 0 |a slo 
044 |a SK 
245 1 0 |a Deriváty hypotekárnych cenných papierov  |c Radoslav Tomek 
520 |a Princíp sekundárneho trhu hypoték založený na tzv. sekuritizácii aktív. Pôsobenie vládnych agentúr v USA na sekundárnom trhu s hypotékami. Riziko spojené s investíciou do hypoték - riziko predplatenia. Modifikovanie tohto rizika vytvorením zaručených hypotekárnych obligácií. Štruktúra zaručených hypotekárnych obligácií. Ústrižkové hypotekárne cenné papiere. 
610 2 0 |a deriváty 
610 2 0 |a trh hypotekárny 
610 2 0 |a hypotéky 
610 2 0 |a papiere cenné 
610 2 0 |a obligácie 
610 2 0 |a USA 
100 1 |a Tomek, Radoslav